000 00964nam a2200265Ia 4500
003 OSt
005 20220923225350.0
006 a|||||r|||| 00| 0
007 ta
008 220922b |||||||| |||| 00| 0 san d
020 _c200
024 _a264,261
037 _b134, 03/09/2012, Vidyanidhi Prakashan
_cTextual
040 _aARTS
_cARTS
_bsan
041 _2san
_asan
082 _aR65,6:g, 152Q1
100 _aहारनहल्लि, कृष्ण
245 0 _aश्रीमद्भगवद्गीता सारसंग्रह
246 _aShrīmadbhagavadgītā sārasangraha
260 _aबैगलौर
_b पूर्णप्रज्ञविद्यापीठ
_c2011
300 _a620पृ0
_ccm.
650 _aभारतीय दर्शन
942 _hR65,6:g, 152Q1
_cTEXL
_2CC
999 _c377799
_d377799